| 000 | 00686nam a2200229 a 4500 | ||
|---|---|---|---|
| 001 | BRCA_4497 | ||
| 005 | 20190320204707.0 | ||
| 008 | 140910s1907----fr-#######---#000-0#fre-# | ||
| 041 | _afre | ||
| 044 | _afr | ||
| 050 | 4 |
_aN8790 _b.E84 1907 |
|
| 100 | 1 |
_aEudel, Paul _911394 |
|
| 245 | 1 | 0 |
_aLe truquage _bAlterations, fraudes et contrefaçons dévoileés _cPaul Eudel. |
| 260 |
_aParís _bMoliere _c[1907] |
||
| 300 |
_a419 p. _c18 cm. |
||
| 500 | _aIncluye notas de comprobantes y justificantes y tabla de materias | ||
| 500 | _aEstado físico: Encuadernación deteriorada | ||
| 500 | _aCG5 | ||
| 650 | 1 | 4 |
_aFalsificación de obras de arte _97762 |
| 902 | _aGFM | ||
| 942 |
_2lcc _cB |
||
| 999 |
_c4203 _d4203 |
||